Statistics for Biggest Three-Word Cities

Click here to take the quiz!

General Stats

  • This quiz has been taken 707 times
    (607 since last reset)
  • The average score is 3 of 9

Answer Stats

PopulationRegionCity% Correct
13.2 milSouth AmericaRio de Janeiro
92%
22.1 milNorth AmericaNew York City
82%
6.45 milAfricaDar es Salaam
53%
2.45 milNorth AmericaSalt Lake City
39%
3.22 milNorth AmericaPort-au-Prince
30%
1.30 milEuropeRostov-on-Don
16%
3.25 milEuropeFrankfurt am Main
14%
1.21 milNorth AmericaSan Pedro Sula
9%
1.23 milNorth AmericaSan Luis Potosí
7%

Score Distribution

Percentile by Number Answered

Percent of People with Each Score

Your Score History

You have not taken this quiz since the last reset